000 00845nam a22001817a 4500
005 20250825143629.0
010 _aHIN-130281
020 _c600.00
_a9789390625505
035 _aHN-102627
037 _bDBAD
082 _a070.4
100 _aभदौरिया, सन्तोष
_984310
245 _aअंग्रेजी राज और हिन्दी की प्रतिबंधित पत्रकारिता /
_cसन्तोष भदौरिया
260 _aनई दिल्ली
_bलोकभरती प्रकाशन
_c2025
270 _a1-बी , नेताजी सुभाष मार्ग , दरियागंज ,
_bनई दिल्ली
_e110002
300 _a191पृ.
_c22सेमी (सजिल्द)
942 _2ddc
_cHN
_h070.4
_mभदौरि
999 _c213145
_d213145